America's Business

Enregistré dans:
Détails bibliographiques
Auteur principal: Robertson, James Oliver
Format: Livre
Langue:anglais
Publié: New York Hill and Wang 1985
Édition:1. ed.
Sujets:
Tags: Ajouter un tag
Pas de tags, Soyez le premier à ajouter un tag!

MARC

LEADER 00000nam a2200000 4500
001 c011788
005 20221207074413.3
041 0 |a eng 
044 |a US 
245 1 0 |a America's Business  |c James Oliver Robertson 
250 |a 1. ed. 
264 1 |a New York  |b Hill and Wang  |c 1985 
300 |a 277 s. 
610 2 0 |a podnikanie 
610 2 0 |a podnikatelia 
610 2 0 |a história 
610 2 0 |a USA 
610 2 0 |a 1565-1984 
100 1 |a Robertson, James Oliver